00343nam a2200133Ia 4500008004100000022001800041082001200059100001500071245003700086250000800123260003300131300000800164650003700172191201s2019 xx 000 0 und d a9789385529030 a547 KAO aKAPOOR, VK 0aOrganic Pharmaceutical Chemistry a6th bVallabh pubaNew Delhic2019 a504 aPharmaceutical organic Chemistry